| 000 | 00768cam a2200229 a 4500 | ||
|---|---|---|---|
| 001 | 2600187 | ||
| 005 | 20180308033028.0 | ||
| 008 | 971031s1998 nju b 001 0 eng | ||
| 010 | _a 97045761 | ||
| 020 | _a0813525241 (alk. paper) | ||
| 040 |
_aDLC _cDLC _dDLC |
||
| 041 | _aeng | ||
| 080 | _a616.858369 jan | ||
| 082 | 0 | 0 |
_a616.858369 jan _221 |
| 100 | 1 | _a9 | |
| 101 | _aana | ||
| 245 | 1 | 0 |
_aPillar of salt : _cJanice Haaken. |
| 504 | _aIncludes bibliographical references (p. 303-316) and index. | ||
| 906 |
_a7 _bcbc _corignew _d1 _eocip _f19 _gy-gencatlg |
||
| 942 |
_2ddc _cBK |
||
| 999 |
_c44368 _d44368 |
||